000 00963cam a2200253 a 4500
001 3834
005 20240515160241.0
020 _a9780545727655
040 _aDLC
_cDLC
_dDLC
_beng
050 0 0 _aTK140.E3
_b 2012
082 0 0 _a621.3092
100 1 _aBarretta, Gene
245 1 0 _aTimeless Thomas :
_bhow Thomas Edison changed our lives /
_cGene Barretta.
250 _aFirst Scholastic printing , April 2014
260 _aNew York :
_bScholastic ;
_c2012
300 _a36 pages :
_bcolor illustrations ;
_c23 cm.
505 _aZ
520 _aShares a portrait of the inventor famed for such innovations as the incandescent lightbulb, batteries, and movie cameras, exploring his life-changing achievements and perseverance in the face of numerous failures.
521 _a900
_bLexile
521 _aZ
_bRaz-Plus
650 0 _aInventions
_xHistory
_vJuvenile literature.
906 _a7
_bcbc
_corignew
_d1
_eecip
_f20
_gy-gencatlg
942 _2ddc
_cBK
_n0
999 _c3834
_d3834